<?xml version='1.0' encoding='UTF-8'?>
  <record xmlns="http://www.loc.gov/MARC21/slim">
    <leader>00000cam a2200000 i 4500</leader>
    <controlfield tag="001">ocn902598260</controlfield>
    <controlfield tag="003">OCoLC</controlfield>
    <controlfield tag="005">20241228195715.2</controlfield>
    <controlfield tag="008">150130s1570    fr            000 0 dut d</controlfield>
    <datafield tag="040" ind1=" " ind2=" ">
      <subfield code="a">NLGGC</subfield>
      <subfield code="b">dut</subfield>
      <subfield code="e">fobidrtb</subfield>
      <subfield code="c">NLGGC</subfield>
      <subfield code="d">QGJ</subfield>
      <subfield code="d">OCLCA</subfield>
      <subfield code="d">OCLCL</subfield>
      <subfield code="d">OCLCQ</subfield>
    </datafield>
    <datafield tag="035" ind1=" " ind2=" ">
      <subfield code="a">(OCoLC)902598260</subfield>
    </datafield>
    <datafield tag="100" ind1="1" ind2=" ">
      <subfield code="a">Baudouin, François,</subfield>
      <subfield code="d">1520-1573.</subfield>
      <subfield code="1">https://id.oclc.org/worldcat/entity/E39PBJyhjg3CDcpyRqcRRDkv73</subfield>
    </datafield>
    <datafield tag="245" ind1="1" ind2="0">
      <subfield code="a">Fran. Balduini J.C. Relatio ad Henricum Andium ducem magnum :</subfield>
      <subfield code="b">Latini Pacati Panegyricus ad Theodosium A.. Eumenii Oratio de scholis. Ejusdem Balduini Annotationes in utramque orationem. Ejusdem Explicatio l. si Pacto C. de Pact.</subfield>
    </datafield>
    <datafield tag="246" ind1="3" ind2=" ">
      <subfield code="a">Relatio ad Henricum Andium ducem magnum,</subfield>
    </datafield>
    <datafield tag="260" ind1=" " ind2=" ">
      <subfield code="a">Parisiis :</subfield>
      <subfield code="b">apud Michaëlem Sonnium, via Iacobaea, sub scuto Basiliensi,</subfield>
      <subfield code="c">1570.</subfield>
    </datafield>
    <datafield tag="300" ind1=" " ind2=" ">
      <subfield code="a">34, 36, 11 fol. ;</subfield>
      <subfield code="c">in-4 (22 cm)</subfield>
    </datafield>
    <datafield tag="336" ind1=" " ind2=" ">
      <subfield code="a">tekst</subfield>
      <subfield code="b">txt</subfield>
      <subfield code="2">rdacontent/dut</subfield>
    </datafield>
    <datafield tag="337" ind1=" " ind2=" ">
      <subfield code="a">zonder medium</subfield>
      <subfield code="b">n</subfield>
      <subfield code="2">rdamedia/dut</subfield>
    </datafield>
    <datafield tag="338" ind1=" " ind2=" ">
      <subfield code="a">band</subfield>
      <subfield code="b">nc</subfield>
      <subfield code="2">rdacarrier/dut</subfield>
    </datafield>
    <datafield tag="340" ind1=" " ind2=" ">
      <subfield code="m">4to</subfield>
      <subfield code="2">rdabf</subfield>
    </datafield>
    <datafield tag="500" ind1=" " ind2=" ">
      <subfield code="a">Met eigen titelp. en pag.: Fran. Balduini I.C. Explicatio L. si Pacto, C. de Pact. excepta ex ore docentis, Andeg. IIII Id Mart. MDLXX.</subfield>
    </datafield>
    <datafield tag="500" ind1=" " ind2=" ">
      <subfield code="a">Zonder eigen titelp. en met eigen, maar onderling doorlopende pag.: Latini Pacati Drepanii Panegyricus Romae dictus Imp. Theodosio Aug.; Eumemii Oratio de scholis instaurandis ad V.P. praesidem Galliae.</subfield>
    </datafield>
    <datafield tag="500" ind1=" " ind2=" ">
      <subfield code="a">Fouten in foliëring in Latini Pacati Panegyricus: 3 i.p.v. 11, 6 i.p.v. 12, 16 i.p.v. 23, 17 i.p.v. 27; in Explicatio L. si Pacto: 5 i.p.v. 3, 1 i.p.v. 11.</subfield>
    </datafield>
    <datafield tag="500" ind1=" " ind2=" ">
      <subfield code="a">Collatieformule: a-h⁴ i² ²a-²i⁴ ³a-³c⁴ (³C4 blanco)</subfield>
    </datafield>
    <datafield tag="600" ind1="0" ind2="4">
      <subfield code="a">Theodosius</subfield>
      <subfield code="b">I de Grote,</subfield>
      <subfield code="c">Romeins keizer,</subfield>
      <subfield code="d">347-395.</subfield>
    </datafield>
    <datafield tag="700" ind1="1" ind2=" ">
      <subfield code="a">Pacatus, Latinus,</subfield>
      <subfield code="c">Drepanius,</subfield>
      <subfield code="d">fl. 388.</subfield>
      <subfield code="1">https://id.oclc.org/worldcat/entity/E39PCjrmQQkBrfbq9xvcV6vkcP</subfield>
    </datafield>
    <datafield tag="700" ind1="0" ind2=" ">
      <subfield code="a">Eumenius,</subfield>
      <subfield code="d">ca300.</subfield>
      <subfield code="1">https://id.oclc.org/worldcat/entity/E39PCjJyY7xkbj9XpYcdQ3jP73</subfield>
    </datafield>
    <datafield tag="710" ind1="0" ind2=" ">
      <subfield code="a">Sonnius, Michael (Parijs)</subfield>
      <subfield code="4">prt</subfield>
      <subfield code="0">(NL-LeOCL)077150600</subfield>
    </datafield>
    <datafield tag="740" ind1="0" ind2=" ">
      <subfield code="a">Panegyricus Romae dictus Imp. Theodosio Aug.</subfield>
    </datafield>
    <datafield tag="740" ind1="0" ind2=" ">
      <subfield code="a">Panegyricus ad Theodosium A.</subfield>
    </datafield>
    <datafield tag="740" ind1="0" ind2=" ">
      <subfield code="a">Oratio de scholis instaurandis ad V.P. praesidem Galliae.</subfield>
    </datafield>
    <datafield tag="740" ind1="0" ind2=" ">
      <subfield code="a">Oratio de scholis,</subfield>
    </datafield>
    <datafield tag="740" ind1="0" ind2=" ">
      <subfield code="a">Explicatio L. si Pacto, C. de Pact. excepta ex ore docentis</subfield>
    </datafield>
    <datafield tag="758" ind1=" " ind2=" ">
      <subfield code="a">Fran. Balduini J.C. Relatio ad Henricum Andium ducem magnum (Text)</subfield>
      <subfield code="1">https://id.oclc.org/worldcat/entity/E39PCGrPwwKfGWPKTqmcqkBfhd</subfield>
      <subfield code="4">https://id.oclc.org/worldcat/ontology/hasWork</subfield>
    </datafield>
    <datafield tag="936" ind1=" " ind2=" ">
      <subfield code="a">BATCHLOAD</subfield>
    </datafield>
  </record>